[Event "Cuiaba Contaud op"]
[Site "Cuiaba"]
[Date "2022.10.26"]
[Round "3"]
[White "Cordeiro Silva, Marcos Antonio"]
[Black "De Oliveira, Yuri Garcia"]
[Result "0-1"]
[WhiteElo "1592"]
[BlackElo "1899"]
[PlyCount "72"]
[EventDate "2022.10.25"]
[EventType "swiss"]
[EventRounds "9"]
[EventCountry "BRA"]
[SourceTitle "EXT 2024"]
[Source "ChessBase"]
[SourceDate "2023.10.10"]
[SourceVersion "1"]
[SourceVersionDate "2023.10.10"]
[SourceQuality "1"]

1. e4 c5 2. Nf3 d6 3. d4 cxd4 4. Nxd4 Nf6 5. Nc3 a6 6. h3 e5 7. Nde2 h5 8. Bg5 Be6 9. g3 Nbd7 10. Bg2 Be7 11. Qd2 b5 12. Bxf6 Nxf6 13. Nd5 Nxd5 14. exd5 Bd7 15. f4 Bf6 16. c3 h4 17. g4 exf4 18. Qxf4 Be5 19. Qf3 0-0 20. 0-0 b4 21. Nd4 bxc3 22. bxc3 Rb8 23. Rab1 Rxb1 24. Rxb1 Qa5 25. Nc6 Qxc3 26. Ne7+ Kh7 27. Qe4+ g6 28. Nc6 Bg3 29. Qe7 Re8 30. Qxf7+ Kh8 31. Ne7 Qe3+ 32. Kh1 Qxe7 33. Qxg6 Bb5 34. Qh6+ Qh7 35. Qf6+ Qg7 36. Qxd6 Bxd6 0-1